| 000 | 00961 a2200193 4500 | ||
|---|---|---|---|
| 001 | 59386 | ||
| 005 | 20260407155848.0 | ||
| 008 | 260407a1974 arg spa d | ||
| 003 | AR-UNSa-BCEJYS | ||
| 040 |
_aAR-UNSa-BCEJYS _bspa _cAR-UNSa-BCEJYS |
||
| 080 |
_a338.2(8) _xPolítica económica. Control de la economía. gestión de la economía. planificación económica en América Latina |
||
| 245 | 1 | 0 | _aTecnología y política económica en América Latina |
| 264 | 1 |
_aBuenos Aires : _bPaidós _c1974 |
|
| 300 |
_a134 p. _c22 cm. |
||
| 505 | _a1. La tecnología en las etapas del desarrollo lationoamericano - 2. Función de las industrias dinámicas - 3. Elementos para una estratégia de desarrollo científico-tecnológico - 4. Políticas de desarrollo científico-tecnológico - 5. Problemas de planificación y de organización del sistema científico-tecnológico | ||
| 942 | _cBK | ||
| 590 | _aniveau_biblio:m niveau_hierar:0 | ||
| 100 | 1 | _aFerrer, Aldo | |
| 999 |
_c6666 _d6666 |
||